The royal dictionary abridged : In two parts. I. French and English. II. English and French. ... To which are added, the accents of the English words ... As also an alphabetical list of the most common Christian names ... By Mr. A. Boyer.

Bibliographic Details
Main Author: Boyer, Abel, 1667-1729
Format: eBook
Language:English
Edition:The twelfth edition, carefully corrected, with large additions.
Series:Eighteenth century collections online.
Online Access:Full text online

MARC

Tag First Indicator Second Indicator Subfields
LEADER 00000cam a2200000 4500
001 in00001908192
006 m | d |
007 cr |n||||||||n
008 810811s1767 enk|||| s 00||||eng d
005 20260406222507.2
035 |a (CStRLIN)ESTCT127386 
040 |a Uk-ES  |c Uk-ES  |d Cu-RivES  |d CStRLIN  |d Thomson Gale  |d UtOrBLW 
100 1 |a Boyer, Abel,  |d 1667-1729. 
240 1 0 |a Royal dictionary.  |k Abridgments 
245 1 4 |a The royal dictionary abridged :  |b In two parts. I. French and English. II. English and French. ... To which are added, the accents of the English words ... As also an alphabetical list of the most common Christian names ... By Mr. A. Boyer. 
250 |a The twelfth edition, carefully corrected, with large additions. 
264 3 |a London :  |b printed for Messrs. Bathurst, Vaillant, Woodfall, Brotherton, Beecroft [and 31 others in London],  |c 1767. 
300 |a 1016 unnumbered pages ;  |c 8⁰. 
336 |a text  |b txt  |2 rdacontent 
337 |a computer  |b c  |2 rdamedia 
338 |a online resource  |b cr  |2 rdacarrier 
500 |a With a final advertisement leaf. 
500 |a Reproduction of original from the British Library. 
510 4 |a Alston,  |c XII 682 
510 4 |a English Short Title Catalog,  |c ESTCT127386. 
533 |a Electronic reproduction.  |b Farmington Hills, Mich. :  |c Thomson Gale,  |d 2003.  |n Available via the World Wide Web.  |n Access limited by licensing agreements  |7 s2003 miunns 
500 |a Electronic resource. 
830 0 |a Eighteenth century collections online. 
856 4 0 |u http://proxy.library.tamu.edu/login?url=https://galenet.galegroup.com/servlet/ECCO?c=1&stp=Author&ste=11&af=BN&ae=T127386&tiPG=1&dd=0&dc=flc&docNum=CW116136441&vrsn=1.0&srchtp=a&d4=0.33&n=10&SU=0LRK&locID=txshracd2898  |z Full text online  |t 0 
999 |a MARS 
999 f f |s 53a946c8-537c-3b1a-8d46-dded7305c40c  |i 297f37b5-0561-328f-8e62-726e00e667bb  |t 0 
952 f f |a Texas A&M University  |b College Station  |c Electronic Resources  |s www_evans  |d Available Online  |t 0  |h No information provided 
998 f f |t 0  |l Available Online